000 00452nam a2200181Ia 4500
001 2788
005 20260306144833.0
008 260306t1998||||xx |||||||||||||| ||spa||
041 _aESP
082 _a230
_bM96
100 _aLudwing Müller, Gerhard
_eAUT
245 0 _aDogmática:
_bteoría y práctica de la teología
260 _c1998
300 _axxxvi, 921 páginas :
_c25 cm.
650 _aGEN
654 _aCHU
942 _cLIB
_dJUS
_fJUS
_2ddc
_n
999 _c2788
_d2788